Sinh học phân tử của ung thư vòm họng

Đã lưu trong:
書目詳細資料
主要作者: Đái Duy Ban
格式: 圖書
語言:Undetermined
出版: H. KHKT 2003
主題:
標簽: 添加標簽
沒有標簽, 成為第一個標記此記錄!
Thư viện lưu trữ: Trung tâm Học liệu Trường Đại học Cần Thơ
LEADER 00494nam a2200193Ia 4500
001 CTU_53585
008 210402s9999 xx 000 0 und d
020 |b 14000 
082 |a 616.994'32 
082 |b B105 
100 |a Đái Duy Ban 
245 0 |a Sinh học phân tử của ung thư vòm họng 
245 0 |c Đái Duy Ban 
260 |a H. 
260 |b KHKT 
260 |c 2003 
650 |a pharynx 
650 |x cancer 
980 |a Trung tâm Học liệu Trường Đại học Cần Thơ